| 000 | 00471nab a2200145Ia 4500 | ||
|---|---|---|---|
| 003 | ES-SlBCS | ||
| 005 | 20210601132035.0 | ||
| 008 | 140529s1988 xxu||||| |||| 00| 0 ger d | ||
| 041 | _ager | ||
| 100 | 1 |
_aSeibert, Ulrich _9191177 |
|
| 245 | 0 | 0 |
_aSuche nach ethischen Grenzen Ethisch-rechtliche Problemfelder des medizinischen Fortschritts _c Ulrich Seibert |
| 650 | 0 | 4 |
_aMedicina _914377 |
| 773 | 0 |
_tNeue Ordnung (Die) _gvol. 42, 1988, págs. 187-193 _wRev294 |
|
| 942 | _cAR | ||
| 999 |
_c573241 _d573241 |
||